1612 1355 1466 1363 1326 1783 1847 1615 1519 1703 1011 1425 1257 1136 1605 1595 1641 1993 1564 1588 1802 1379 1003 1229 1189 1514 1445 1909 1307 1403 1018 1128 1947 1766 1476 1401 1724 1926 1776 1250 1087 1165 1703 1234 1120 1922 1634 1797 1172 1092 1916 1927 1274 1366 1007 1014 1380 1627 1253 1092 1497 1512 1065 1711 1871 1886 1296 1425 1664 1621 1407 1766 1815 1871 1252 1442 1979 1880 1261 1281 1394 1918 1979 1262 1133 1314 1518 1328 1472 1401 1161 1474 1797 1183 1945 1190 1630 1029 1450 BCNSPRNW ULIB Ver.6.0+V

เปลี่ยนเป็นภาษาไทย

Change to English
 แสดงรายละเอียดบรรณานุกรม
  กลับหน้าหลัก

Brief Record : Get Marc (ISO 2709) : E-mail record : QR code < ปิดหน้าต่าง
LEADER : 00000nam 2200000uu 4500
001    13399107942
003     ULIB
008    110210s2544||||th 000 0 tha d
020    9742937915 (ล.2)
060 04 WY157^bก496ก ล.2 2544
110 1  กระทรวงสาธารณสุข. ^bสถาบันพระบรมราชชนก.^bโครงการสวัสดิการวิชาการ
245 00 การพยาบาลสูติศาสตร์ เล่ม2 /^cบรรณาธิการ, วรรณรัตน์ จงเจริญยานนท์
250    พิมพ์ครั้งที่ 1
260    นนทบุรี :^bโครงการสวัสดิการวิชาการ สถาบันพระบรมราชชนกกระทรวงสาธารณสุข,^c2544
300     213 หน้า:^bภาพประกอบ ;^c26 ซม.
650  7 การพยาบาลสูติศาสตร์
700 0  วรรณรัตน์ จงเจริญยานนท์,^eบรรณาธิการ
710 2  กระทรวงสาธารณสุข. ^bสถาบันพระบรมราชชนก.^bโครงการสวัสดิการวิชาการ
945    ^p170^l0^i015080
945    ^p170^l0^i015078
945    ^p170^l0^i015077
945    ^p170^l0^i015076
945    ^p170^l0^i015075
945    ^p170^l0^i015073
945    ^p170^l0^i015079
945    ^p170^l0^i015074
995    ทศพร
999 ^a ใช้งานได้ทุกระบบ
รายการนี้ยังไม่มีแท็ก
คุณยังไม่ได้ล็อกอิน คุณสามารถมีกิจกรรมร่วมกับเว็บไซต์ได้ แต่ต้องล็อกอินก่อน ::
  ล็อกอิน

รายการสื่อสารสนเทศ

ลำดับที่ ประเภท เลขเรียก/บาร์โค้ด สถานที่ สถานะ
- ไม่พบข้อมูล -

รายการใกล้เคียง
    หัวเรื่อง [การพยาบาลสูติศาสตร์]

BibComment


ยังไม่เคยถูกคอมเมนท์

คอมเมนท์ทรัพยากรรายการนี้
  คอมเมนท์: การพยาบาลสูติศาสต..


 Copyright 2026. Bcnsprnw @Library